| 000 | 00899nam a22002177a 4500 | ||
|---|---|---|---|
| 999 |
_c13192 _d13192 |
||
| 003 | AR-CdUCM | ||
| 008 | 190411b ||||| |||| 00| 0 spa d | ||
| 040 |
_aMUNICIPALIDAD PROVINCIAL DEL CUSCO _cBIBLIOTECA MUNICIPAL DEL CUSCO |
||
| 082 |
_a345.723 / _bF175 |
||
| 100 |
_aFajardo, Jesús Víctor _931432 |
||
| 245 | _aLey de quiebras / | ||
| 260 |
_aLima : _bMercurio, |
||
| 300 |
_a94 páginas ; _c17 cm. |
||
| 500 | _aLibro en mal estado. Después del Titulo: Modificado y concordada con todas las leyes, resoluciones y decretos supremos, relativos al comercio y las industrias. | ||
| 505 | _aContenido: Junta de acreedores -- Reconocimiento del crédito -- Graduación de créditos -- De los sindicatos -- Atribuciones y deberes de los sindicatos ... | ||
| 650 |
_aLeyes _94808 |
||
| 650 |
_aPerú _935 |
||
| 650 |
_aLegislación _92962 |
||
| 942 |
_2ddc _cLIBROS |
||
| 945 |
_acmm _d2019-04-11 |
||